[Event "EYCC 2024 - O14"]
[Site "?"]
[Date "2024.08.24"]
[Round "3.9"]
[White "Torosyan, Volodya"]
[Black "Gorkov, Kirill"]
[Result "1-0"]
[BlackElo "1995"]
[WhiteElo "2148"]
[LiveChessVersion "1.4.8"]

1. e4 {[%clk 1:30:57]} c5 {[%clk 1:30:54]} 2. Nf3 {[%clk 1:31:23]} d6
{[%clk 1:31:19]} 3. d4 {[%clk 1:31:44]} cxd4 {[%clk 1:31:42]} 4. Nxd4
{[%clk 1:32:09]} Nf6 {[%clk 1:32:04]} 5. Nc3 {[%clk 1:32:34]} g6 {[%clk 1:32:24]}
6. Be3 {[%clk 1:32:53]} Bg7 {[%clk 1:32:45]} 7. f3 {[%clk 1:33:13]} O-O
{[%clk 1:33:09]} 8. Qd2 {[%clk 1:33:41]} Nc6 {[%clk 1:33:27]} 9. O-O-O
{[%clk 1:34:02]} d5 {[%clk 1:33:54]} 10. exd5 {[%clk 1:34:22]} Nxd5
{[%clk 1:34:17]} 11. Nxc6 {[%clk 1:34:46]} bxc6 {[%clk 1:34:42]} 12. Bd4
{[%clk 1:35:12]} Bxd4 {[%clk 1:34:52]} 13. Qxd4 {[%clk 1:35:36]} Qb6
{[%clk 1:35:15]} 14. Na4 {[%clk 1:35:42]} Qa5 {[%clk 1:35:32]} 15. b3
{[%clk 1:35:49]} Qc7 {[%clk 1:35:51]} 16. Bc4 {[%clk 1:31:24]} Nb6
{[%clk 1:36:14]} 17. Nc5 {[%clk 1:30:10]} h5 {[%clk 1:36:20]} 18. Rhe1
{[%clk 1:25:50]} Bf5 {[%clk 1:36:17]} 19. Qh4 {[%clk 1:18:05]} Rfe8
{[%clk 1:22:34]} 20. Na6 {[%clk 1:02:52]} Qb7 {[%clk 1:20:17]} 21. Bf1
{[%clk 0:56:10]} Nd5 {[%clk 1:07:17]} 22. g4 {[%clk 0:54:08]} hxg4
{[%clk 0:55:25]} 23. fxg4 {[%clk 0:54:12]} Bc8 {[%clk 0:54:54]} 24. Rd3
{[%clk 0:45:50]} Bxg4 {[%clk 0:51:32]} 25. Rxd5 {[%clk 0:43:06]} cxd5
{[%clk 0:51:48]} 26. Qxg4 {[%clk 0:43:32]} e5 {[%clk 0:49:43]} 27. Qb4
{[%clk 0:39:37]} Qxb4 {[%clk 0:47:04]} 28. Nxb4 {[%clk 0:40:01]} Rad8
{[%clk 0:44:10]} 29. Nc6 {[%clk 0:39:19]} Rd7 {[%clk 0:43:06]} 30. Rxe5
{[%clk 0:37:51]} Rxe5 {[%clk 0:43:24]} 31. Nxe5 {[%clk 0:38:15]} Re7
{[%clk 0:43:43]} 32. Nd3 {[%clk 0:38:17]} Kg7 {[%clk 0:42:26]} 33. Kd2
{[%clk 0:37:11]} f5 {[%clk 0:40:59]} 34. Bg2 {[%clk 0:36:09]} Kf6
{[%clk 0:39:22]} 35. Nf4 {[%clk 0:35:11]} Rh7 {[%clk 0:38:52]} 36. Nxd5+
{[%clk 0:33:39]} Kg5 {[%clk 0:39:05]} 37. h3 {[%clk 0:33:24]} Kh4
{[%clk 0:39:19]} 38. c4 {[%clk 0:32:05]} Kg3 {[%clk 0:39:40]} 39. Bf1
{[%clk 0:31:33]} Kf2 {[%clk 0:39:25]} 40. Bd3 {[%clk 0:31:58]} Rxh3
{[%clk 0:38:13]} 41. c5 {[%clk 0:31:33]} Kg3 {[%clk 0:32:21]} 42. c6
{[%clk 0:30:34]} f4 {[%clk 0:32:17]} 43. c7 {[%clk 0:29:26]} Rh2+
{[%clk 0:32:38]} 44. Kc3 {[%clk 0:29:00]} Rh8 {[%clk 0:33:01]} 45. Nxf4
{[%clk 0:27:55]} Kxf4 {[%clk 0:32:51]} 46. Ba6 {[%clk 0:28:19]} 1-0

[Event "EYCC 2024 - O14"]
[Site "?"]
[Date "2024.08.24"]
[Round "3.10"]
[White "Guretchii, Kirill"]
[Black "Grooten, Tommy"]
[Result "0-1"]
[BlackElo "2146"]
[WhiteElo "2034"]
[LiveChessVersion "1.4.8"]

1. d4 {[%clk 1:30:58]} Nf6 {[%clk 1:30:54]} 2. c4 {[%clk 1:31:21]} e6
{[%clk 1:31:17]} 3. Nf3 {[%clk 1:31:46]} c5 {[%clk 1:31:42]} 4. d5
{[%clk 1:32:11]} exd5 {[%clk 1:32:07]} 5. cxd5 {[%clk 1:32:36]} d6
{[%clk 1:32:30]} 6. Nc3 {[%clk 1:33:01]} g6 {[%clk 1:32:53]} 7. Nd2
{[%clk 1:33:26]} Bg7 {[%clk 1:33:16]} 8. e4 {[%clk 1:33:50]} O-O {[%clk 1:33:39]}
9. Be2 {[%clk 1:34:16]} Na6 {[%clk 1:33:48]} 10. O-O {[%clk 1:23:41]} Nc7
{[%clk 1:33:28]} 11. Re1 {[%clk 1:20:12]} a6 {[%clk 1:31:04]} 12. a4
{[%clk 1:18:58]} Rb8 {[%clk 1:30:27]} 13. a5 {[%clk 1:11:58]} Bd7
{[%clk 1:30:36]} 14. Qb3 {[%clk 0:58:38]} Ng4 {[%clk 1:08:27]} 15. h3
{[%clk 0:39:57]} Nxf2 {[%clk 1:00:31]} 16. Kxf2 {[%clk 0:40:10]} Qh4+
{[%clk 0:59:12]} 17. Kf1 {[%clk 0:40:00]} Bxh3 {[%clk 0:53:23]} 18. Nd1
{[%clk 0:25:59]} Bxg2+ {[%clk 0:52:17]} 19. Kxg2 {[%clk 0:25:06]} Qxe1
{[%clk 0:52:42]} 20. Qd3 {[%clk 0:20:08]} Be5 {[%clk 0:43:20]} 21. Nc4
{[%clk 0:17:37]} Bd4 {[%clk 0:43:19]} 22. Nde3 {[%clk 0:15:00]} Rbe8
{[%clk 0:36:19]} 23. Rb1 {[%clk 0:11:56]} f5 {[%clk 0:34:27]} 24. Bd2
{[%clk 0:11:03]} Qh4 {[%clk 0:28:54]} 25. exf5 {[%clk 0:09:54]} Nxd5
{[%clk 0:27:50]} 26. Ng4 {[%clk 0:07:03]} Rxf5 {[%clk 0:25:21]} 27. Nh6+
{[%clk 0:03:15]} Kh8 {[%clk 0:25:40]} 28. Nxf5 {[%clk 0:02:52]} gxf5
{[%clk 0:26:01]} 29. Bf3 {[%clk 0:00:33]} Rg8+ {[%clk 0:26:21]} 30. Kf1
{[%clk 0:00:54]} Qf2# {[%clk 0:26:45]} 0-1

[Event "EYCC 2024 - O14"]
[Site "?"]
[Date "2024.08.24"]
[Round "3.11"]
[White "Karvatskyi, Oleksii"]
[Black "Mahmudzade, Yunis"]
[Result "1-0"]
[BlackElo "1962"]
[WhiteElo "2144"]
[LiveChessVersion "1.4.8"]

1. e4 {[%clk 1:30:58]} e6 {[%clk 1:30:51]} 2. Nc3 {[%clk 1:31:00]} d5
{[%clk 1:31:07]} 3. Nf3 {[%clk 1:31:14]} Nf6 {[%clk 1:30:40]} 4. e5
{[%clk 1:31:15]} Nfd7 {[%clk 1:30:51]} 5. Ne2 {[%clk 1:31:34]} c5
{[%clk 1:30:40]} 6. c3 {[%clk 1:31:59]} Nc6 {[%clk 1:29:52]} 7. d4
{[%clk 1:31:58]} cxd4 {[%clk 1:29:03]} 8. cxd4 {[%clk 1:32:11]} f6
{[%clk 1:28:56]} 9. Nf4 {[%clk 1:09:07]} Qe7 {[%clk 1:18:19]} 10. Bd3
{[%clk 0:40:11]} fxe5 {[%clk 1:09:03]} 11. dxe5 {[%clk 0:40:22]} Ndxe5
{[%clk 1:05:14]} 12. Nxe5 {[%clk 0:33:26]} Nxe5 {[%clk 1:05:42]} 13. Qh5+
{[%clk 0:33:17]} Nf7 {[%clk 1:06:06]} 14. O-O {[%clk 0:32:58]} g6
{[%clk 0:48:03]} 15. Qe2 {[%clk 0:32:17]} Qd6 {[%clk 0:47:33]} 16. Bb5+
{[%clk 0:29:50]} Ke7 {[%clk 0:40:39]} 17. Bd2 {[%clk 0:26:44]} a5
{[%clk 0:37:43]} 18. Rfd1 {[%clk 0:15:52]} d4 {[%clk 0:34:50]} 19. b4
{[%clk 0:10:12]} a4 {[%clk 0:31:58]} 20. Bc4 {[%clk 0:10:04]} Bg7
{[%clk 0:30:36]} 21. b5 {[%clk 0:09:50]} Ne5 {[%clk 0:23:18]} 22. Rab1
{[%clk 0:09:01]} Kf7 {[%clk 0:21:01]} 23. Bb4 {[%clk 0:08:03]} Qb6
{[%clk 0:18:47]} 24. Rbc1 {[%clk 0:08:01]} Nxc4 {[%clk 0:17:37]} 25. Rxc4
{[%clk 0:06:31]} Rd8 {[%clk 0:11:17]} 26. Bc5 {[%clk 0:04:54]} Qc7
{[%clk 0:09:13]} 27. g3 {[%clk 0:04:53]} e5 {[%clk 0:08:55]} 28. b6
{[%clk 0:03:21]} Qd7 {[%clk 0:03:59]} 29. Bxd4 {[%clk 0:03:01]} Qe8
{[%clk 0:01:46]} 30. Rc7+ {[%clk 0:02:44]} Kg8 {[%clk 0:01:24]} 31. Rxg7+
{[%clk 0:02:34]} Kxg7 {[%clk 0:01:48]} 32. Qxe5+ {[%clk 0:02:59]} Kh6
{[%clk 0:01:33]} 33. Qg7+ {[%clk 0:03:15]} Kg5 {[%clk 0:01:52]} 34. Bf6+
{[%clk 0:03:29]} Kg4 {[%clk 0:02:20]} 35. Bxd8 {[%clk 0:03:41]} Bf5
{[%clk 0:02:37]} 36. h3+ {[%clk 0:03:57]} 1-0

[Event "EYCC 2024 - O14"]
[Site "?"]
[Date "2024.08.24"]
[Round "3.12"]
[White "Kulich, Filip"]
[Black "Myagmarsuren, Evsuld"]
[Result "1/2-1/2"]
[BlackElo "2142"]
[WhiteElo "1965"]
[LiveChessVersion "1.4.8"]

1. e4 {[%clk 1:30:44]} c5 {[%clk 1:30:53]} 2. Nf3 {[%clk 1:30:25]} d6
{[%clk 1:30:30]} 3. Bb5+ {[%clk 1:29:06]} Nd7 {[%clk 1:30:34]} 4. d4
{[%clk 1:29:14]} cxd4 {[%clk 1:30:57]} 5. Nxd4 {[%clk 1:29:11]} Ngf6
{[%clk 1:29:47]} 6. Bd3 {[%clk 1:28:19]} g6 {[%clk 1:28:57]} 7. Nc3
{[%clk 1:25:04]} Bg7 {[%clk 1:29:20]} 8. Be3 {[%clk 1:23:26]} O-O
{[%clk 1:29:00]} 9. O-O {[%clk 1:21:51]} Nc5 {[%clk 1:21:37]} 10. h3
{[%clk 1:15:17]} Bd7 {[%clk 1:04:00]} 11. Nb3 {[%clk 1:09:18]} Nxd3
{[%clk 1:01:59]} 12. cxd3 {[%clk 1:07:19]} Re8 {[%clk 0:45:06]} 13. Rc1
{[%clk 1:01:26]} e5 {[%clk 0:40:38]} 14. f4 {[%clk 0:58:38]} exf4
{[%clk 0:38:27]} 15. Bxf4 {[%clk 0:58:08]} Be6 {[%clk 0:34:38]} 16. Be3
{[%clk 0:37:54]} a6 {[%clk 0:27:08]} 17. Nd4 {[%clk 0:34:10]} b5 {[%clk 0:22:18]}
18. Nxe6 {[%clk 0:32:13]} Rxe6 {[%clk 0:22:43]} 19. Qf3 {[%clk 0:31:55]} Qe8
{[%clk 0:21:06]} 20. Bg5 {[%clk 0:20:57]} b4 {[%clk 0:18:43]} 21. Ne2
{[%clk 0:18:16]} h6 {[%clk 0:17:56]} 22. Bh4 {[%clk 0:15:25]} g5 {[%clk 0:17:29]}
23. Bg3 {[%clk 0:14:49]} Nd7 {[%clk 0:15:46]} 24. b3 {[%clk 0:12:44]} d5
{[%clk 0:12:45]} 25. Rc7 {[%clk 0:10:25]} dxe4 {[%clk 0:10:58]} 26. dxe4
{[%clk 0:10:09]} Rf6 {[%clk 0:11:23]} 27. Qd3 {[%clk 0:09:18]} Rxf1+
{[%clk 0:11:42]} 28. Kxf1 {[%clk 0:09:42]} Ne5 29. Bxe5 {[%clk 0:07:15]} Bxe5
{[%clk 0:10:36]} 30. Rc5 {[%clk 0:07:15]} Qe7 {[%clk 0:09:01]} 31. Qc4
{[%clk 0:05:03]} Rd8 {[%clk 0:06:26]} 32. Rc8 {[%clk 0:04:37]} Qf6+
{[%clk 0:05:54]} 33. Kg1 {[%clk 0:04:41]} Rxc8 {[%clk 0:05:09]} 34. Qxc8+
{[%clk 0:05:02]} Kg7 35. Qc4 {[%clk 0:03:55]} Qb6+ {[%clk 0:05:25]} 36. Kf1
{[%clk 0:04:04]} h5 {[%clk 0:03:37]} 37. Qd5 {[%clk 0:03:35]} Qf6+
{[%clk 0:03:49]} 38. Kg1 {[%clk 0:03:16]} g4 {[%clk 0:03:50]} 39. hxg4
{[%clk 0:03:17]} hxg4 {[%clk 0:04:14]} 40. Qd7 {[%clk 0:03:19]} Qh4
{[%clk 0:03:54]} 41. Kf1 {[%clk 0:03:16]} Qf6+ {[%clk 0:02:18]} 42. Kg1
{[%clk 0:02:51]} Qg5 {[%clk 0:02:22]} 43. Kf1 {[%clk 0:03:04]} g3
{[%clk 0:02:23]} 44. Ke1 {[%clk 0:02:12]} Qe3 {[%clk 0:00:56]} 45. Qg4+
{[%clk 0:02:22]} Kf8 {[%clk 0:01:13]} 46. Qc8+ {[%clk 0:02:25]} Ke7
{[%clk 0:01:36]} 47. Qb7+ {[%clk 0:02:08]} Kf6 {[%clk 0:01:59]} 48. Qc6+
{[%clk 0:02:15]} Kg7 {[%clk 0:02:18]} 49. Qd5 {[%clk 0:01:44]} Bf6
{[%clk 0:00:46]} 50. Qf5 {[%clk 0:01:45]} Bg5 {[%clk 0:00:33]} 51. Qe5+
{[%clk 0:01:45]} Kg6 {[%clk 0:00:33]} 52. Qxg3 {[%clk 0:01:35]} Qxe4
{[%clk 0:00:55]} 53. Kf2 {[%clk 0:00:59]} a5 {[%clk 0:00:39]} 54. Qf3
{[%clk 0:00:37]} Qc2 {[%clk 0:00:49]} 55. g4 {[%clk 0:00:33]} f6 {[%clk 0:00:37]}
56. Kg3 {[%clk 0:00:38]} Qxa2 {[%clk 0:00:44]} 57. Nd4 {[%clk 0:00:43]} Qb1
{[%clk 0:00:37]} 58. Qf5+ {[%clk 0:00:33]} Qxf5 {[%clk 0:01:02]} 59. gxf5+
{[%clk 0:00:55]} Kh5 {[%clk 0:00:54]} 60. Kf3 {[%clk 0:00:37]} Bd2
{[%clk 0:01:11]} 61. Ke4 {[%clk 0:00:46]} Bc3 {[%clk 0:01:26]} 62. Nc6
{[%clk 0:00:54]} a4 {[%clk 0:00:43]} 63. bxa4 {[%clk 0:01:20]} b3
{[%clk 0:01:09]} 64. Kd3 {[%clk 0:01:44]} b2 {[%clk 0:01:37]} 65. Kc2
{[%clk 0:02:05]} Kg4 {[%clk 0:01:59]} 66. Ne7 {[%clk 0:01:40]} Kg5
{[%clk 0:01:27]} 67. a5 {[%clk 0:02:00]} Bxa5 {[%clk 0:01:45]} 68. Kxb2
{[%clk 0:02:26]} Bd8 {[%clk 0:02:05]} 69. Nd5 {[%clk 0:02:51]} Kxf5
{[%clk 0:02:31]} 70. Nxf6 {[%clk 0:03:17]} Bxf6+ {[%clk 0:02:58]} 1/2-1/2

[Event "EYCC 2024 - O14"]
[Site "?"]
[Date "2024.08.24"]
[Round "3.13"]
[White "Prober, Raphael"]
[Black "Finek, Vaclav"]
[Result "0-1"]
[BlackElo "2467"]
[WhiteElo "1878"]
[LiveChessVersion "1.4.8"]

1. e4 {[%clk 1:30:57]} e5 {[%clk 1:30:57]} 2. Nf3 {[%clk 1:31:18]} Nc6
{[%clk 1:31:22]} 3. Bb5 {[%clk 1:31:40]} a6 {[%clk 1:31:47]} 4. Ba4
{[%clk 1:32:04]} Nf6 {[%clk 1:32:12]} 5. O-O {[%clk 1:32:27]} Be7
{[%clk 1:32:39]} 6. Re1 {[%clk 1:32:50]} b5 {[%clk 1:33:05]} 7. Bb3
{[%clk 1:33:13]} d6 {[%clk 1:33:31]} 8. c3 {[%clk 1:33:37]} O-O {[%clk 1:33:51]}
9. h3 {[%clk 1:34:01]} Na5 {[%clk 1:34:18]} 10. Bc2 {[%clk 1:34:24]} c5
{[%clk 1:34:43]} 11. d4 {[%clk 1:34:49]} Qc7 {[%clk 1:35:10]} 12. d5
{[%clk 1:35:12]} Bd7 {[%clk 1:35:36]} 13. b3 {[%clk 1:35:37]} Nb7
{[%clk 1:35:56]} 14. Nbd2 {[%clk 1:34:10]} g6 {[%clk 1:36:19]} 15. Nf1
{[%clk 1:33:42]} Nh5 {[%clk 1:36:45]} 16. Bh6 {[%clk 1:33:43]} Ng7
{[%clk 1:35:53]} 17. Ng3 {[%clk 1:11:54]} f6 {[%clk 1:32:10]} 18. Nh2
{[%clk 1:08:43]} Nd8 {[%clk 1:30:37]} 19. h4 {[%clk 1:03:02]} Nf7
{[%clk 1:26:31]} 20. Bd2 {[%clk 0:59:37]} c4 {[%clk 1:19:51]} 21. a4
{[%clk 0:54:16]} cxb3 {[%clk 0:54:33]} 22. Bxb3 {[%clk 0:53:58]} Qc5
{[%clk 0:54:16]} 23. Rc1 {[%clk 0:48:29]} f5 {[%clk 0:49:06]} 24. exf5
{[%clk 0:47:45]} gxf5 {[%clk 0:46:42]} 25. Nf3 {[%clk 0:40:56]} bxa4
{[%clk 0:44:50]} 26. Bxa4 {[%clk 0:39:07]} Bxa4 {[%clk 0:44:05]} 27. Qxa4
{[%clk 0:39:29]} f4 {[%clk 0:28:55]} 28. Ne2 {[%clk 0:35:20]} Bd8
{[%clk 0:28:12]} 29. c4 {[%clk 0:34:28]} Bb6 {[%clk 0:19:58]} 30. Rf1
{[%clk 0:34:35]} e4 {[%clk 0:19:06]} 31. Nfd4 {[%clk 0:32:34]} Ne5
{[%clk 0:15:09]} 32. Nb3 {[%clk 0:28:06]} Qc8 {[%clk 0:15:33]} 33. c5
{[%clk 0:26:49]} Nf3+ {[%clk 0:14:05]} 34. gxf3 {[%clk 0:24:32]} exf3
{[%clk 0:14:30]} 35. Qxf4 {[%clk 0:18:13]} fxe2 {[%clk 0:11:46]} 0-1

[Event "EYCC 2024 - O14"]
[Site "?"]
[Date "2024.08.24"]
[Round "3.14"]
[White "Dotzer, Lukas"]
[Black "Martirosyan, David"]
[Result "1-0"]
[BlackElo "2066"]
[WhiteElo "2391"]
[LiveChessVersion "1.4.8"]

1. e4 {[%clk 1:30:57]} e5 {[%clk 1:30:40]} 2. Nf3 {[%clk 1:31:21]} Nf6
{[%clk 1:31:00]} 3. Nxe5 {[%clk 1:31:44]} d6 {[%clk 1:31:25]} 4. Nf3
{[%clk 1:31:59]} Nxe4 {[%clk 1:31:49]} 5. d4 {[%clk 1:32:23]} d5 {[%clk 1:32:15]}
6. Bd3 {[%clk 1:32:46]} Bd6 {[%clk 1:32:29]} 7. O-O {[%clk 1:32:22]} O-O
{[%clk 1:32:42]} 8. c4 {[%clk 1:31:55]} c6 {[%clk 1:33:06]} 9. Nc3
{[%clk 1:31:17]} Nxc3 {[%clk 1:32:40]} 10. bxc3 {[%clk 1:31:41]} dxc4
{[%clk 1:33:05]} 11. Bxc4 {[%clk 1:32:01]} Bf5 {[%clk 1:33:30]} 12. Re1
{[%clk 1:21:14]} Nd7 {[%clk 1:32:02]} 13. a4 {[%clk 1:08:49]} Qa5
{[%clk 1:21:12]} 14. Bd2 {[%clk 0:57:47]} Nf6 {[%clk 1:08:32]} 15. Ne5
{[%clk 0:55:00]} Ne4 {[%clk 1:06:24]} 16. Nxf7 {[%clk 0:49:54]} Nxd2
{[%clk 1:01:27]} 17. Nxd6+ {[%clk 0:44:25]} Nxc4 {[%clk 1:00:07]} 18. Qb3
{[%clk 0:42:19]} Bd3 {[%clk 0:55:29]} 19. Nxc4 {[%clk 0:40:55]} Qd5
{[%clk 0:54:49]} 20. Na5 {[%clk 0:36:57]} Rf7 {[%clk 0:53:31]} 21. Re5
{[%clk 0:35:11]} Qd7 {[%clk 0:51:15]} 22. Rae1 {[%clk 0:31:58]} Bg6
{[%clk 0:42:46]} 23. Re7 {[%clk 0:23:21]} Qc8 {[%clk 0:42:44]} 24. Nxb7
{[%clk 0:19:28]} Rb8 {[%clk 0:42:12]} 25. Qa2 {[%clk 0:16:20]} Kf8
{[%clk 0:39:07]} 26. Nd6 {[%clk 0:15:02]} Rxe7 {[%clk 0:36:34]} 27. Rxe7
{[%clk 0:15:25]} Rb1+ {[%clk 0:32:52]} 28. Qxb1 {[%clk 0:15:46]} Qd8
{[%clk 0:33:00]} 29. Qxg6 {[%clk 0:15:48]} Qxe7 {[%clk 0:32:16]} 30. Qf5+
{[%clk 0:16:10]} 1-0

[Event "EYCC 2024 - O14"]
[Site "?"]
[Date "2024.08.24"]
[Round "3.15"]
[White "Kroulik, Vaclav"]
[Black "Pycinski, Wladyslaw"]
[Result "0-1"]
[BlackElo "2237"]
[WhiteElo "2056"]
[LiveChessVersion "1.4.8"]

1. e4 {[%clk 1:30:57]} c5 {[%clk 1:30:46]} 2. Nf3 {[%clk 1:31:15]} d6
{[%clk 1:31:02]} 3. c3 {[%clk 1:31:06]} Nf6 {[%clk 1:31:23]} 4. Be2
{[%clk 1:31:30]} Bd7 {[%clk 1:30:45]} 5. d3 {[%clk 1:31:22]} Nc6 {[%clk 1:24:18]}
6. h3 {[%clk 1:30:13]} g6 {[%clk 1:20:05]} 7. Be3 {[%clk 1:29:40]} Bg7
{[%clk 1:19:23]} 8. Nbd2 {[%clk 1:29:20]} O-O {[%clk 1:13:47]} 9. O-O
{[%clk 1:29:17]} e5 {[%clk 1:09:23]} 10. d4 {[%clk 1:23:10]} cxd4
{[%clk 0:58:44]} 11. cxd4 {[%clk 1:22:39]} exd4 {[%clk 0:58:37]} 12. Nxd4
{[%clk 1:23:02]} Nxd4 {[%clk 0:52:04]} 13. Bxd4 {[%clk 1:23:26]} Re8
{[%clk 0:52:28]} 14. Bf3 {[%clk 1:13:56]} Re6 {[%clk 0:40:00]} 15. Bxf6
{[%clk 0:52:27]} Bxf6 {[%clk 0:33:40]} 16. Qb3 {[%clk 0:47:59]} Bc6
{[%clk 0:30:18]} 17. Rfe1 {[%clk 0:44:26]} Qb6 {[%clk 0:27:12]} 18. Nc4
{[%clk 0:41:54]} Qxb3 {[%clk 0:25:15]} 19. axb3 {[%clk 0:42:15]} a6
{[%clk 0:21:08]} 20. Rad1 {[%clk 0:38:51]} Rd8 {[%clk 0:16:31]} 21. Bg4
{[%clk 0:36:03]} Rxe4 {[%clk 0:15:02]} 22. Rxe4 {[%clk 0:36:25]} Bxe4
{[%clk 0:15:29]} 23. Rxd6 {[%clk 0:36:44]} Rxd6 {[%clk 0:10:40]} 24. Nxd6
{[%clk 0:37:10]} Bd5 {[%clk 0:11:07]} 25. Bc8 {[%clk 0:37:19]} Bxb3
{[%clk 0:07:24]} 26. Nxb7 {[%clk 0:36:47]} Bc2 {[%clk 0:05:46]} 27. b4
{[%clk 0:31:30]} Be7 {[%clk 0:05:23]} 28. Nc5 {[%clk 0:23:31]} a5
{[%clk 0:05:45]} 29. Bd7 {[%clk 0:23:13]} axb4 {[%clk 0:05:43]} 30. Ba4
{[%clk 0:23:30]} Bxa4 {[%clk 0:05:17]} 31. Nxa4 {[%clk 0:23:54]} b3
{[%clk 0:03:57]} 32. Nc3 {[%clk 0:24:13]} Bf6 {[%clk 0:04:13]} 33. Nb1
{[%clk 0:24:37]} Kf8 {[%clk 0:04:24]} 34. Kf1 {[%clk 0:24:51]} Ke7
{[%clk 0:04:49]} 35. Ke1 {[%clk 0:24:37]} Kd6 {[%clk 0:04:55]} 36. Kd2
{[%clk 0:25:02]} Kc5 {[%clk 0:04:25]} 37. Kd3 {[%clk 0:25:26]} Kb4
{[%clk 0:04:20]} 38. Kd2 {[%clk 0:22:56]} Bd4 {[%clk 0:03:45]} 39. f3
{[%clk 0:23:04]} Be5 {[%clk 0:03:44]} 40. Kd3 {[%clk 0:21:41]} Bf4
{[%clk 0:03:45]} 41. Ke4 {[%clk 0:21:45]} g5 {[%clk 0:03:08]} 42. h4
{[%clk 0:20:34]} h6 {[%clk 0:02:50]} 43. hxg5 {[%clk 0:20:33]} hxg5
{[%clk 0:03:15]} 44. Kd4 {[%clk 0:19:08]} b2 {[%clk 0:03:18]} 45. Kd3
{[%clk 0:19:24]} Kb3 {[%clk 0:03:43]} 46. Nc3 {[%clk 0:19:38]} Be5
{[%clk 0:03:50]} 47. Nb1 {[%clk 0:20:03]} Ka2 {[%clk 0:03:48]} 48. Kc2
{[%clk 0:20:22]} Bg7 {[%clk 0:04:11]} 49. Nd2 {[%clk 0:20:40]} Bf8
{[%clk 0:04:29]} 50. Kc3 {[%clk 0:17:01]} f5 {[%clk 0:04:44]} 51. f4
{[%clk 0:15:39]} gxf4 {[%clk 0:04:52]} 52. Kc4 {[%clk 0:15:50]} f3
{[%clk 0:04:58]} 53. gxf3 {[%clk 0:16:01]} Bh6 {[%clk 0:05:21]} 0-1

[Event "EYCC 2024 - O14"]
[Site "?"]
[Date "2024.08.24"]
[Round "3.16"]
[White "Shevchenko, Yaroslav"]
[Black "Katsanis, Vasileios Dim"]
[Result "0-1"]
[BlackElo "2222"]
[WhiteElo "2038"]
[LiveChessVersion "1.4.8"]

1. c4 {[%clk 1:30:52]} e6 {[%clk 1:30:53]} 2. g3 {[%clk 1:31:02]} d5
{[%clk 1:31:16]} 3. Bg2 {[%clk 1:31:16]} Nf6 {[%clk 1:31:39]} 4. Nf3
{[%clk 1:31:38]} Be7 {[%clk 1:32:03]} 5. O-O {[%clk 1:31:59]} O-O
{[%clk 1:32:28]} 6. b3 {[%clk 1:32:23]} b6 {[%clk 1:31:00]} 7. Bb2
{[%clk 1:31:54]} Bb7 {[%clk 1:31:24]} 8. cxd5 {[%clk 1:31:05]} exd5
{[%clk 1:31:40]} 9. d4 {[%clk 1:31:00]} Nbd7 {[%clk 1:31:31]} 10. Nc3
{[%clk 1:31:09]} a6 {[%clk 1:30:24]} 11. Rc1 {[%clk 1:31:20]} Re8
{[%clk 1:26:19]} 12. Ne5 {[%clk 1:24:12]} Bd6 {[%clk 1:25:37]} 13. Nd3
{[%clk 1:23:44]} Nf8 {[%clk 1:19:19]} 14. e3 {[%clk 1:18:26]} Ne6
{[%clk 1:06:43]} 15. b4 {[%clk 1:12:31]} Ng5 {[%clk 1:00:34]} 16. Qb3
{[%clk 1:03:46]} Nge4 {[%clk 0:56:48]} 17. Rfd1 {[%clk 1:02:48]} Qe7
{[%clk 0:50:41]} 18. a3 {[%clk 0:49:03]} h5 {[%clk 0:41:35]} 19. Ne2
{[%clk 0:31:20]} h4 {[%clk 0:32:29]} 20. Ne5 {[%clk 0:28:40]} hxg3
{[%clk 0:23:08]} 21. Nxg3 {[%clk 0:25:49]} Nxg3 {[%clk 0:18:09]} 22. hxg3
{[%clk 0:26:07]} Ne4 {[%clk 0:16:58]} 23. Rc2 {[%clk 0:23:25]} Qe6
{[%clk 0:15:35]} 24. a4 {[%clk 0:18:41]} f6 {[%clk 0:14:29]} 25. Nf3
{[%clk 0:18:41]} Qe7 {[%clk 0:09:09]} 26. Nd2 {[%clk 0:17:43]} Kh7 27. Nxe4
{[%clk 0:16:39]} dxe4 {[%clk 0:09:11]} 28. Bc3 {[%clk 0:14:06]} Bc8
{[%clk 0:09:14]} 29. a5 {[%clk 0:11:39]} Bg4 {[%clk 0:08:55]} 30. Rdc1
{[%clk 0:11:51]} bxa5 {[%clk 0:06:34]} 31. bxa5 {[%clk 0:12:20]} Rab8
{[%clk 0:06:53]} 32. Qa2 {[%clk 0:11:16]} Bf3 {[%clk 0:06:05]} 33. Rb2
{[%clk 0:07:14]} Rxb2 {[%clk 0:05:58]} 34. Bxb2 {[%clk 0:07:40]} Rb8
{[%clk 0:05:37]} 35. Bc3 {[%clk 0:07:08]} Qd7 {[%clk 0:04:43]} 36. Bxf3
{[%clk 0:05:22]} exf3 {[%clk 0:05:12]} 37. Qc2+ {[%clk 0:05:44]} g6
{[%clk 0:04:07]} 38. Qe4 {[%clk 0:04:19]} Qf5 {[%clk 0:04:22]} 39. Qxf5
{[%clk 0:04:32]} gxf5 {[%clk 0:04:50]} 40. Kf1 {[%clk 0:04:55]} Kg6
{[%clk 0:03:43]} 41. Ke1 {[%clk 0:05:13]} Rh8 {[%clk 0:03:36]} 42. Kd2
{[%clk 0:02:22]} Rh2 {[%clk 0:03:24]} 43. Rf1 {[%clk 0:02:50]} Bxg3
{[%clk 0:03:41]} 44. Ke1 {[%clk 0:03:10]} Bh4 {[%clk 0:03:47]} 45. d5
{[%clk 0:02:51]} Kf7 {[%clk 0:03:52]} 46. Bd4 {[%clk 0:02:11]} Ke7
{[%clk 0:04:04]} 47. Bc5+ {[%clk 0:02:36]} Kd7 {[%clk 0:04:31]} 48. Ba3
{[%clk 0:03:00]} Rg2 {[%clk 0:04:37]} 49. Bb4 {[%clk 0:03:20]} c6
{[%clk 0:03:02]} 50. d6 {[%clk 0:00:46]} Rg4 {[%clk 0:03:09]} 51. Bc3
{[%clk 0:01:10]} Kxd6 {[%clk 0:03:09]} 52. Rh1 {[%clk 0:01:19]} Kd5
{[%clk 0:03:25]} 53. Rh3 {[%clk 0:01:30]} Ke4 {[%clk 0:03:16]} 54. Rh1
{[%clk 0:01:57]} Kd3 {[%clk 0:03:28]} 55. Bd4 {[%clk 0:02:26]} c5
{[%clk 0:03:31]} 56. Bxc5 {[%clk 0:02:21]} Ra4 {[%clk 0:03:47]} 57. Bd4
{[%clk 0:02:50]} Rb4 {[%clk 0:04:10]} 0-1